000 00482nam a2200181Ia 4500
999 _c14871
_d14871
003 OSt
005 20201204154331.0
008 190216s9999||||xx |||||||||||||| ||und||
020 _a9781849838399
040 _coclc
082 _a158
_bBYR/T
100 _aByrne, Rhonda
_97219
245 4 _aThe Magic /
_cRhonda Byrne
260 _bSimon And Schuster,
_c2012.
_aLondon:
300 _a254p
650 _aEnglish
942 _cBK
_2ddc
_h158
_iBYR/T
_k158
_mBYR/T